| 000 | 00686nam a2200217 a 4500 | ||
|---|---|---|---|
| 001 | 1428 | ||
| 003 | BR-CuiBMT | ||
| 005 | 20231210051526.0 | ||
| 008 | 231204s2016 spb | 000 0 por d | ||
| 040 |
_aBR-CuiBMT _cBR-CuiBMT |
||
| 080 |
_22007 _a351.77 |
||
| 090 |
_a351.77 _bS239f |
||
| 110 | 1 |
_aSão Paulo. _bTribunal de Contas. |
|
| 245 | 1 | 0 |
_aFinanciamento das ações e serviços públicos de saúde : _bmanual básico / _cTribunal de Contas do Estado de São Paulo. |
| 260 |
_aSão Paulo : _bTCE-SP, _c2016. |
||
| 300 |
_a73 p. : _bil. ; _c23 cm |
||
| 504 | _aInclui bibliografia. | ||
| 650 |
_aSaúde pública _xBrasil |
||
| 650 |
_aServiços públicos _xBrasil |
||
| 942 |
_2udc _cLV |
||
| 999 |
_c1428 _d1428 |
||